Normal view
MARC view
- Wealth
Entry Topical Term
001 - CONTROL NUMBER
- control field: 36932
003 - CONTROL NUMBER IDENTIFIER
- control field: OSt
005 - DATE AND TIME OF LATEST TRANSACTION
- control field: 20141215142336.0
008 - FIXED-LENGTH DATA ELEMENTS
- fixed length control field: 141215|| aca||babn | a|a d
040 ## - CATALOGING SOURCE
- Original cataloging agency: OSt
150 ## - HEADING--TOPICAL TERM
- Topical term or geographic name as entry element: Wealth
450 ## - SEE FROM TRACING--TOPICAL TERM
- Topical term or geographic name entry element: Affluence
450 ## - SEE FROM TRACING--TOPICAL TERM
- Topical term or geographic name entry element: Distribution of wealth
450 ## - SEE FROM TRACING--TOPICAL TERM
- Topical term or geographic name entry element: Fortunes
450 ## - SEE FROM TRACING--TOPICAL TERM
- Topical term or geographic name entry element: Riches
550 ## - SEE ALSO FROM TRACING--TOPICAL TERM
- Topical term or geographic name entry element: Business
550 ## - SEE ALSO FROM TRACING--TOPICAL TERM
- Topical term or geographic name entry element: Economics
550 ## - SEE ALSO FROM TRACING--TOPICAL TERM
- Topical term or geographic name entry element: Finance
550 ## - SEE ALSO FROM TRACING--TOPICAL TERM
- Topical term or geographic name entry element: Capital
550 ## - SEE ALSO FROM TRACING--TOPICAL TERM
- Topical term or geographic name entry element: Money
550 ## - SEE ALSO FROM TRACING--TOPICAL TERM
- Topical term or geographic name entry element: Property
550 ## - SEE ALSO FROM TRACING--TOPICAL TERM
- Topical term or geographic name entry element: Well-being